Harry Potter: le Magenmagot - Statistiques

Statistiques générales
  • Ce quiz a été pris 38 fois
  • Le résultat moyen est 6 sur 13
Statistiques - réponses
Information Réponses % Correct
Dernière apparition Harry Potter et les Reliques de la Mort
91%
Première apparition Harry Potter et l'Ordre du Phenix
88%
Localisation Ministère de la Magie, niveau 2
88%
Membre Albus Dumbledore
78%
Membre Cornelius Fudge
69%
Membre Dolores Ombrage
69%
Membre Amelia Bones
53%
Membre Barty Croupton Sr
28%
Membre Griselda Marchebank
28%
Membre Tiberius Ogden
16%
Membre Brunhilde Stokke
9%
Membre Elphias Doge
9%
Membre Ulick Gamp
9%
Aucun quiz correspondant
Distribution des résultats
% des personnes avec chaque résultat
Percentile par nombre de réponses
Votre historique - résultats
Vous n’avez pas pris ce quiz